=LDR 00000nam 2200000 4500 =001 NUTBA000000000003240 =005 20140811102724.0 =006 =007 =008 =020 ##$$a 978-6028181 58-7 =035 ##$$a 0010-081400000000084 =040 ##$$a NBPDMAT =082 ##$$a 372.7 =090 ##$$a 372.7 $b Ayo a =100 ##$$a Weni Rahayu =245 ##$$a Ayo menghitung hewan / $c Weni Rahayu =260 ##$$a Jakarta : $b Bina Rupa Pustaka, $c 2012 =300 ##$$a iv, 11 hlm. : $b ilus. ; $c 12 cm. =650 ##$$a Matematika-TK =990 ##$$a 21404257 =990 ##$$a 0001/BPAP-NTB/20142014